| 000 | 00421nam a2200133Ia 4500 | ||
|---|---|---|---|
| 008 | 211109s9999||||xx |||||||||||||| ||und|| | ||
| 082 |
_a494.8125 _bGUN-M |
||
| 100 | _aGundert, Hermann | ||
| 245 | 0 | _aMalayala Bhasha Vyakaranam | |
| 260 |
_bDC Books _aKottayam _c1991 |
||
| 630 | _xGENERAL STACK | ||
| 650 |
_aMalayalam language _vMalayalam grammar _xAltaic, Uralic, Hyperborean & Dravidian LanguageMalayalam |
||
| 942 | _cBOOK | ||
| 999 |
_c45085 _d45085 |
||